Clasificación histórica de LaLiga - Estadísticas

Estadísticas generales
  • Esta prueba ha sido intentada 404 veces
    314 desde el último reinicio
  • La puntuación promedio es 44 de 63
Estadísticas de respuestas
Pts
Históricos
Equipo % Correcto
4053 Atletico de Madrid
99%
4937 FC Barcelona
99%
5043 Real Madrid
99%
3805 Athletic Club
97%
3284 Sevilla FC
96%
2339 Real Betis
95%
3029 Real Sociedad
94%
1843 Deportivo La Coruña
91%
2154 Celta de Vigo
90%
925 Getafe CF
87%
199 CD Leganés
85%
3040 RCD Espanyol
85%
540 CD Malaga
84%
259 Girona FC
84%
791 Málaga CF
84%
1641 Real Valladolid
84%
1389 Sporting de Gijón
83%
714 Deportivo Alavés
82%
1174 Real Oviedo
82%
2109 Real Zaragoza
82%
1114 UD Las Palmas
82%
875 Rayo Vallecano
81%
1358 RCD Mallorca
81%
1415 Racing de Santander
80%
1641 CA Osasuna
79%
52 AD Almería
78%
301 UD Almería
78%
1439 Villareal CF
77%
510 CD Tenerife
76%
828 Granada CF
76%
499 Cadiz CF
74%
230 Córdoba CF
74%
631 Levante UD
74%
302 SD Eibar
72%
3801 Valencia CF
72%
188 Recreativo Huelva
71%
67 SD Huesca
71%
709 Elche CF
70%
445 Real Murcia
69%
257 Albacete Balompié
68%
285 CD Castellón
64%
168 Burgos CF
63%
96 Real Burgos
63%
14 Cultural Leonesa
60%
538 Hércules CF
58%
377 UD Salamanca
57%
71 Real Jaen
56%
56 Real Unión
55%
107 Arenas Club
51%
42 Club Sportiu Europa
49%
353 Sabadell CF
48%
34 Xerez CD
48%
148 CD Numancia
46%
83 Extremadura CF
46%
91 Gimnastic de Tarragona
46%
40 Club Lleida Sportiu
44%
81 AD Merida
42%
293 UD Logroñes
42%
150 Pontevedra CF
41%
190 SD Compostela
41%
76 CD Alcoyano
35%
19 CA Tetuán
27%
22 Condal Club
2%
No se encontraron pruebas coincidentes
Distribución de puntuación
Porcentaje de gente con cada puntuación
Porcentaje por número respondido
Historial de tus puntuaciones
No has intentado esta prueba desde el último reinicio